| 000 | 00815nam a2200265Ia 4500 | ||
|---|---|---|---|
| 003 | OSt | ||
| 005 | 20220927105255.0 | ||
| 006 | a|||||r|||| 00| 0 | ||
| 007 | ta | ||
| 008 | 220926b |||||||| |||| 00| 0 eng d | ||
| 020 | _a0262025957 | ||
| 024 | _a153838 | ||
| 037 | _cReference Collections | ||
| 040 |
_aRTL _cRTL _beng |
||
| 041 |
_2eng _aeng |
||
| 082 | _a"X :16, P6" | ||
| 100 |
_aBalcerowicz Leszek Ed. _9371364 |
||
| 245 | 0 |
_aLiving standards and the wealth of nations _b Success and failures in real convergence |
|
| 260 |
_aCambridge _bMIT Press _c2006 |
||
| 300 |
_a"vi, 434p" _ccm. |
||
| 500 | _aBibliography Chapterwise | ||
| 700 |
_a Fischer Stanley _9371365 |
||
| 942 |
_h"X :16, P6" _cCC |
||
| 999 |
_c691567 _d691567 |
||